000 01311cam a2200325 a 4500
001 13022598
003 ARRUPE
005 20220506100659.0
008 021206s2004 caua b 001 0 eng
010 _a 2002116952
020 _a0534584500
035 _a(DLC) 2002116952
040 _aDLC
_cDLC
_dDLC
050 0 0 _aQ175
_b.C27 2004
082 0 0 _a507/.2
_221
100 1 _aCarey, Stephen S.
_q(Stephen Sayers),
_d1944-
_951491
245 1 2 _aA beginner's guide to scientific method /
_cStephen S. Carey.
250 _a3rd ed.
260 _aBelmont, CA :
_bThomson/Wadsworth,
_cc2004
300 _axi, 143 p. :
_bill. ;
_c24 cm.
504 _aIncludes bibliographical references (p. [137]-138) and index.
650 0 _aScience
_xMethodology
650 0 _aResearch
_xMethodology.
_915273
856 4 2 _3Publisher description
_uhttp://www.loc.gov/catdir/enhancements/fy1215/2002116952-d.html
856 4 1 _3Table of contents only
_uhttp://www.loc.gov/catdir/enhancements/fy1215/2002116952-t.html
856 4 2 _3Contributor biographical information
_uhttp://www.loc.gov/catdir/enhancements/fy1513/2002116952-b.html
906 _a7
_bcbc
_corignew
_d2
_eepcn
_f20
_gy-gencatlg
942 _2lcc
_cMONOGRAPH
999 _c131379
_d131379